[Event "41st Olympiad Women 2014"]
[Site "Tromso NOR"]
[Date "2014.08.11"]
[Round "9.40"]
[Board "3"]
[White "Nikolovska, Dragana"]
[Black "Barbier, Wiebke"]
[Result "1/2-1/2"]
[WhiteElo "1893"]
[BlackElo "1944"]
[WhiteTeam "FYROM"]
[BlackTeam "Belgium"]
[WhiteFideId "15000133"]
[BlackFideId "207977"]
[EventDate "2014.08.02"]

1. e4 d6 2. d4 Nf6 3. Nc3 e5 4. Nf3 Nbd7 5. g4 Nxg4 6. Rg1 Ngf6 7. Bc4 exd4 8.
Qxd4 c6 9. Bf4 Qb6 10. O-O-O Qxd4 11. Rxd4 Nb6 12. Bb3 Be6 13. Bxe6 fxe6 14.
Bxd6 Bxd6 15. Rxd6 Ke7 16. e5 Ne8 17. Rd3 Rf8 18. Rgd1 Nc7 19. Ne4 Rf4 20. Nc5
Ncd5 21. a3 Nc4 22. b3 Nxa3 23. Kb2 b6 24. Na6 Raf8 25. Ne1 Nb5 26. c4 Rxf2+ 27.
R1d2 Rxd2+ 28. Rxd2 Nbc7 29. cxd5 Nxa6 30. dxc6 Rd8 31. Rg2 g6 32. Nf3 Rc8 33.
Ng5 h6 34. Ne4 g5 35. h4 Rg8 36. hxg5 hxg5 37. Rxg5 Rxg5 38. Nxg5 Nb4 39. c7 Kd7
40. Nxe6 Nc6 41. Nf8+ Kxc7 42. e6 Kd6 43. Kc3 b5 44. b4 Ke7 45. Nd7 Kxe6 46.
Nc5+ Kd5 47. Nb3 a6 48. Nd2 Nd4 49. Kd3 Ne6 50. Kc3 Nf4 51. Nb3 Ne2+ 52. Kd3
Nf4+ 53. Kc3 Ne6 54. Kd3 Kc6 55. Na5+ Kb6 56. Kc3 Nd8 57. Nb3 Nc6 58. Nd2 Nxb4
59. Kxb4 a5+ 60. Kc3 a4 61. Kb4 Kc6 62. Nb1 1/2-1/2

[Event "41st Olympiad Women 2014"]
[Site "Tromso NOR"]
[Date "2014.08.11"]
[Round "9.41"]
[Board "1"]
[White "Caxita, Esperanca"]
[Black "Machlik, Monika"]
[Result "1-0"]
[WhiteTitle "WIM"]
[WhiteElo "1727"]
[BlackElo "2081"]
[WhiteTeam "Angola"]
[BlackTeam "Norway 2"]
[WhiteFideId "10100903"]
[BlackFideId "1513621"]
[EventDate "2014.08.02"]

1. e4 c6 2. d4 d5 3. e5 c5 4. c3 Nc6 5. Nf3 Bg4 6. Bb5 e6 7. h3 Bh5 8. Nbd2 Qc7
9. O-O Ne7 10. dxc5 O-O-O 11. Qa4 a6 12. Bxc6 Nxc6 13. Re1 g5 14. b4 Rg8 15. Nd4
g4 16. hxg4 Rxg4 17. Nxc6 Qxc6 18. Qxc6+ bxc6 19. Bb2 Bh6 20. Nf3 Rdg8 21. g3
Bf4 22. Nh2 R4g5 23. Bc1 Rf5 24. Bxf4 Rxf4 25. a3 Rc4 26. Re3 Kd7 27. Kg2 Bg6
28. Rd1 Re4 29. Rxe4 Bxe4+ 30. f3 Bc2 31. Rd2 Bb3 32. Ng4 Ke7 33. Nf6 Rh8 34.
Rd4 Bc4 35. g4 Bb3 36. f4 Bc4 37. Kg3 a5 38. f5 axb4 39. axb4 exf5 40. gxf5 Ra8
41. Rf4 Ra3 42. Rf3 h5 43. Kh4 Bb5 44. Rg3 Ra1 45. Kxh5 Re1 46. Kg5 Rxe5 47.
Ng8+ Ke8 48. Kf6 Re1 49. Nh6 d4 50. cxd4 Bc4 51. Rg8+ Kd7 52. Nxf7 Bxf7 53. Kxf7
Re4 54. Rg6 Re7+ 55. Kg8 Re8+ 56. Kh7 Re4 57. f6 Rxd4 58. f7 Ke7 59. Kg8 Rd8+
60. Kg7 Rb8 61. Rxc6 1-0

[Event "41st Olympiad Women 2014"]
[Site "Tromso NOR"]
[Date "2014.08.11"]
[Round "9.41"]
[Board "2"]
[White "Reppen, Ellisiv"]
[Black "Joao, Delfina"]
[Result "1-0"]
[WhiteElo "2016"]
[BlackElo "1534"]
[WhiteTeam "Norway 2"]
[BlackTeam "Angola"]
[WhiteFideId "1504959"]
[BlackFideId "10100920"]
[EventDate "2014.08.02"]

1. e4 e6 2. d4 d5 3. Nc3 Bb4 4. e5 c5 5. Bd2 cxd4 6. Nb5 Bxd2+ 7. Qxd2 Nc6 8.
Nd6+ Kf8 9. f4 f6 10. Nf3 Qb6 11. Bd3 Qxb2 12. O-O Qb6 13. Qf2 Qc7 14. Ng5 Nd8
15. Nxh7+ Ke7 16. Qg3 1-0

[Event "41st Olympiad Women 2014"]
[Site "Tromso NOR"]
[Date "2014.08.11"]
[Round "9.41"]
[Board "3"]
[White "Pires, Luzia"]
[Black "Gronnestad, Anita"]
[Result "0-1"]
[WhiteElo "1538"]
[BlackElo "1997"]
[WhiteTeam "Angola"]
[BlackTeam "Norway 2"]
[WhiteFideId "10101012"]
[BlackFideId "1502972"]
[EventDate "2014.08.02"]

1. e4 c5 2. Nf3 g6 3. Bc4 Bg7 4. Ng5 e6 5. d3 h6 6. Nf3 Nc6 7. Nc3 Nge7 8. Bd2
d5 9. exd5 exd5 10. Bb3 O-O 11. O-O Bg4 12. h3 Be6 13. Qc1 Kh7 14. a3 Rc8 15.
Rd1 Nf5 16. Ba2 Nfd4 17. Nxd4 Nxd4 18. Be3 a6 19. Kh1 b5 20. Qd2 Qd7 21. f4 Nxc2
22. Qxc2 d4 23. Bd2 dxc3 24. Bxc3 Bxc3 25. bxc3 Bxa2 26. Qxa2 Qf5 27. Qf2 Rfd8
28. Qf3 Qd5 29. Qxd5 Rxd5 30. Rd2 Rcd8 31. Rad1 Kg7 32. Kg1 Kf6 33. Kf2 h5 34.
Kf3 a5 35. Ke3 Kf5 36. Rf2 Re8+ 37. Kd2 h4 38. Rb1 c4 39. d4 Re4 40. Rbf1 b4 41.
axb4 axb4 42. cxb4 Rdxd4+ 43. Kc2 c3 44. b5 Rb4 45. Kxc3 Rxb5 46. Ra1 Rc5+ 47.
Kd3 Rd5+ 48. Kc3 Rxf4 49. Rxf4+ Kxf4 50. Ra4+ Kg5 51. Rg4+ Kh5 52. Rd4 Rc5+ 53.
Kd3 Rg5 54. Rf4 Rxg2 55. Rxf7 Rg3+ 56. Ke4 Rxh3 57. Kf4 g5+ 58. Ke4 Kg4 59. Rf1
Rg3 60. Rf8 h3 61. Rh8 Rg2 62. Ke3 Kg3 63. Rh5 g4 0-1

[Event "41st Olympiad Women 2014"]
[Site "Tromso NOR"]
[Date "2014.08.11"]
[Round "9.42"]
[Board "2"]
[White "Mazariegos, Silvia Carolina"]
[Black "Puuska, Heini"]
[Result "1/2-1/2"]
[WhiteTitle "WIM"]
[BlackTitle "WFM"]
[WhiteElo "2017"]
[BlackElo "1975"]
[WhiteTeam "Guatemala"]
[BlackTeam "Finland"]
[WhiteFideId "7300115"]
[BlackFideId "502324"]
[EventDate "2014.08.02"]

1. d4 d5 2. e3 Nf6 3. Bd3 Bg4 4. Ne2 e6 5. f3 Bh5 6. c4 Be7 7. Nbc3 O-O 8. Qb3
dxc4 9. Bxc4 Nc6 10. Qxb7 Nb4 11. O-O a6 12. Ne4 c6 13. Nxf6+ gxf6 14. a3 Rb8
15. Qa7 Ra8 16. Qb7 Rb8 17. Qa7 Ra8 18. Qb7 1/2-1/2

[Event "41st Olympiad Women 2014"]
[Site "Tromso NOR"]
[Date "2014.08.11"]
[Round "9.42"]
[Board "3"]
[White "Nazarova, Anastasia"]
[Black "Mencos, Claudia"]
[Result "1-0"]
[WhiteTitle "WCM"]
[BlackTitle "WIM"]
[WhiteElo "1904"]
[BlackElo "2017"]
[WhiteTeam "Finland"]
[BlackTeam "Guatemala"]
[WhiteFideId "34101737"]
[BlackFideId "7300573"]
[EventDate "2014.08.02"]

1. e4 c5 2. Nf3 e6 3. d4 cxd4 4. Nxd4 a6 5. Bd3 Bc5 6. Nb3 Be7 7. O-O Nc6 8. Qg4
Bf6 9. Nc3 d6 10. Qe2 Nge7 11. f4 O-O 12. Be3 b5 13. a3 Bb7 14. Rad1 Qc7 15. Rf3
b4 16. Na4 Ng6 17. Rh3 e5 18. Qh5 h6 19. g3 Rfe8 20. f5 Nh8 21. Nb6 Nd4 22. Nxa8
Bxa8 23. Nxd4 exd4 24. Bd2 bxa3 25. bxa3 Bxe4 26. Re1 d5 27. Qg4 Kf8 28. Bxe4
dxe4 29. Rxh6 gxh6 30. Bxh6+ Ke7 31. Qxe4+ Kd6 32. Qxe8 Kc5 33. Bf8+ Kd5 34.
Qe4+ Kc4 35. Rb1 a5 36. Qd3+ 1-0

[Event "41st Olympiad Women 2014"]
[Site "Tromso NOR"]
[Date "2014.08.11"]
[Round "9.42"]
[Board "4"]
[White "Mencos Castillo, Maria"]
[Black "Walta, Paivi"]
[Result "1-0"]
[WhiteTitle "WIM"]
[BlackTitle "WFM"]
[WhiteElo "1808"]
[BlackElo "1794"]
[WhiteTeam "Guatemala"]
[BlackTeam "Finland"]
[WhiteFideId "7300867"]
[BlackFideId "504513"]
[EventDate "2014.08.02"]

1. e4 c5 2. Nc3 Nc6 3. g3 e6 4. Bg2 Nf6 5. f4 d5 6. e5 Ng8 7. Nf3 Rb8 8. a4 a6
9. O-O b5 10. axb5 axb5 11. Ne2 Be7 12. h3 Nh6 13. Kh2 O-O 14. g4 Kh8 15. d3 Ng8
16. Ng3 f6 17. Qe2 fxe5 18. fxe5 Rf7 19. Be3 c4 20. c3 Rf8 21. Rf2 cxd3 22. Qxd3
Qc7 23. Ng5 Bxg5 24. Rxf8 Nxe5 25. Qd4 Bxe3 26. Qxe3 Ng6 27. Rff1 Qd6 28. Kh1 b4
29. Rad1 bxc3 30. bxc3 Ba6 31. Rf2 Bc4 32. Ne4 Qe5 33. Ng5 Nh6 34. Qxe5 Nxe5 35.
Nxe6 Nhf7 36. Bxd5 Bxd5+ 37. Rxd5 h6 38. Kg2 Rc8 39. Rc5 Re8 40. Nf4 Kh7 41. Rd5
Rc8 42. Rc2 Nc4 43. Re2 Nb6 44. Rd3 Rc4 45. Ne6 Ra4 46. Rd4 Ra3 47. c4 Rc3 48.
c5 Nc4 49. c6 Ncd6 50. c7 Kg8 51. Red2 Ne5 52. Rxd6 Kf7 53. Nd8+ Kf8 54. Nc6 1-0

[Event "41st Olympiad Women 2014"]
[Site "Tromso NOR"]
[Date "2014.08.11"]
[Round "9.43"]
[Board "2"]
[White "Meyer, Marany"]
[Black "Namaganda, Christine"]
[Result "1-0"]
[WhiteTitle "WIM"]
[WhiteElo "2064"]
[BlackElo "1536"]
[WhiteTeam "New Zealand"]
[BlackTeam "Uganda"]
[WhiteFideId "14300435"]
[BlackFideId "10000445"]
[EventDate "2014.08.02"]

1. e4 d6 2. d4 Nf6 3. Nc3 g6 4. h3 Bg7 5. Nf3 c6 6. a4 Qa5 7. Bd2 Qb6 8. a5 Qc7
9. Bd3 Be6 10. O-O Qd7 11. Ng5 h5 12. f4 Nh7 13. d5 Bd4+ 14. Kh2 Bg4 15. hxg4
Nxg5 16. fxg5 hxg4+ 17. Kg3 Be5+ 18. Bf4 Bxf4+ 19. Rxf4 e5 20. dxe6 fxe6 21.
Qxg4 e5 22. Rf6 Qxg4+ 23. Kxg4 Nd7 24. Rxd6 O-O-O 25. a6 Kc7 26. Rxg6 b6 27. Rf1
Nc5 28. Rf7+ Rd7 29. Rgg7 Rd8 30. g6 Ne6 31. Rxd7+ Rxd7 32. Rxd7+ Kxd7 33. Kf5
Ke7 34. Bc4 1-0

[Event "41st Olympiad Women 2014"]
[Site "Tromso NOR"]
[Date "2014.08.11"]
[Round "9.43"]
[Board "3"]
[White "Amoko, Ivy Claire"]
[Black "Tsoi, Nicole"]
[Result "0-1"]
[WhiteTitle "WCM"]
[BlackTitle "WFM"]
[WhiteElo "1803"]
[BlackElo "1787"]
[WhiteTeam "Uganda"]
[BlackTeam "New Zealand"]
[WhiteFideId "10000291"]
[BlackFideId "4302605"]
[EventDate "2014.08.02"]

1. e4 e6 2. d4 d5 3. Nd2 Nf6 4. e5 Nfd7 5. c3 c5 6. Bd3 Nc6 7. Ne2 cxd4 8. cxd4
f6 9. Nf4 Nxd4 10. Qh5+ Ke7 11. Bxh7 Nxe5 12. Ng6+ Nxg6 13. Qxg6 e5 14. Qd3 Bd7
15. a4 Qb6 16. O-O Kd8 17. Bg6 Bd6 18. h3 Be6 19. Nf3 Bc5 20. Nxd4 Bxd4 21. Rb1
Rc8 22. Bd2 a6 23. b4 Bd7 24. Qb3 Qe6 25. Bd3 b5 26. axb5 Bxb5 27. Bxb5 axb5 28.
Be3 Bxe3 29. Qxe3 Ke7 30. Rfd1 d4 31. Qe4 Qc6 32. Rxd4 Qxe4 33. Rxe4 Rhd8 34.
Rbe1 Rd5 35. f4 Kd6 36. fxe5+ Rxe5 37. Rd1+ Ke6 38. Red4 Rc7 39. R1d2 Rc4 40.
Kf2 Re4 41. Rxe4+ Rxe4 42. Re2 Kd5 43. Rd2+ Kc4 44. Kf3 Rd4 45. Rc2+ Kxb4 46.
Ke3 Rd7 47. Rc6 Ka3 48. Ra6+ Kb3 49. Rb6 b4 50. Rb8 Ka3 51. h4 b3 52. Ra8+ Kb2
53. Rb8 Ka2 54. Ra8+ Kb1 55. Rb8 b2 56. Ke2 Ra7 57. Kd2 Ka2 0-1

[Event "41st Olympiad Women 2014"]
[Site "Tromso NOR"]
[Date "2014.08.11"]
[Round "9.43"]
[Board "4"]
[White "Timergazi, Layla"]
[Black "Mutesi, Phiona"]
[Result "0-1"]
[BlackTitle "WCM"]
[WhiteElo "1874"]
[BlackElo "1632"]
[WhiteTeam "New Zealand"]
[BlackTeam "Uganda"]
[WhiteFideId "4303733"]
[BlackFideId "10000399"]
[EventDate "2014.08.02"]

1. d4 d5 2. c4 e6 3. Nc3 f5 4. Nf3 c6 5. g3 Nf6 6. Qc2 Bd6 7. c5 Bc7 8. b4 Ne4
9. a4 Bd7 10. Nxe4 fxe4 11. Bg5 Qc8 12. Ne5 O-O 13. Bh3 Bxe5 14. dxe5 Qe8 15.
Bf4 Qh5 16. Bg2 Be8 17. h4 Bg6 18. Qc3 Bf5 19. f3 exf3 20. exf3 Qe8 21. h5 h6
22. Qd4 Qf7 23. Bd2 Nd7 24. Bc3 Rae8 25. Ke2 b6 26. cxb6 axb6 27. a5 c5 28. Qf4
d4 29. Bd2 d3+ 30. Kf2 Rc8 31. a6 c4 32. Bc3 Rfd8 33. g4 Bh7 34. Qxf7+ Kxf7 35.
f4 b5 36. Ra5 Nb6 37. Rxb5 Na4 38. Bd2 c3 39. Be3 d2 40. a7 c2 41. Bxd2 Rxd2+
42. Ke3 Rd1 43. Rb7+ Kf8 44. Rc7 Rxc7 45. a8=Q+ Ke7 46. Ke2 Nc3+ 0-1

[Event "41st Olympiad Women 2014"]
[Site "Tromso NOR"]
[Date "2014.08.11"]
[Round "9.44"]
[Board "1"]
[White "Skytte, Torill"]
[Black "Matoussi, Amani"]
[Result "1-0"]
[WhiteElo "1991"]
[BlackElo "1627"]
[WhiteTeam "Norway 3"]
[BlackTeam "Tunisia"]
[WhiteFideId "1503260"]
[BlackFideId "5501156"]
[EventDate "2014.08.02"]

1. d4 d5 2. c4 c6 3. Nc3 Nf6 4. cxd5 cxd5 5. Bf4 Nc6 6. e3 Bf5 7. Qb3 Qd7 8. Nf3
a6 9. Na4 Na5 10. Qd1 Qd8 11. Bd3 Bxd3 12. Qxd3 e6 13. O-O Bd6 14. Bxd6 Qxd6 15.
Nc5 Qb6 16. Ne5 Nc6 17. f4 Rd8 18. Na4 Qb4 19. Nxc6 bxc6 20. Qxa6 O-O 21. b3 Qd2
22. Rfe1 Ra8 23. Qe2 Qb4 24. Nc5 Ra7 25. Rec1 Rfa8 26. Rc2 Ne8 27. Nd3 Qb7 28.
Ne5 Ra6 29. Rac1 Rc8 30. Nd3 Qb5 31. a4 Qb6 1-0

[Event "41st Olympiad Women 2014"]
[Site "Tromso NOR"]
[Date "2014.08.11"]
[Round "9.44"]
[Board "2"]
[White "Marzouk, Amira"]
[Black "Kyrkjebo, Marte B."]
[Result "1-0"]
[WhiteTitle "WCM"]
[WhiteElo "1669"]
[BlackElo "1732"]
[WhiteTeam "Tunisia"]
[BlackTeam "Norway 3"]
[WhiteFideId "5501148"]
[BlackFideId "1511602"]
[EventDate "2014.08.02"]

1. e4 e5 2. Nc3 Nf6 3. g3 d5 4. exd5 Nxd5 5. Bg2 Be6 6. d3 Nc6 7. a3 Be7 8. Bd2
O-O 9. Nge2 Qd7 10. O-O Nxc3 11. Nxc3 Bh3 12. Ne4 Bxg2 13. Kxg2 f5 14. Nc3 f4
15. f3 fxg3 16. hxg3 Nd4 17. Ne4 Rf7 18. c3 Ne6 19. Be3 Rd8 20. Qb3 Qxd3 21.
Bxa7 Qa6 22. Be3 Rd3 23. Rae1 c5 24. Qc2 c4 25. Rh1 Nf8 26. Nf2 Rd6 27. Ng4 Ng6
28. Nxe5 Rf8 29. Nxg6 Rxg6 30. Bd4 Qd6 31. Be5 Qc6 32. Qe4 Qb6 33. Re2 Bc5 34.
Qd5+ Kh8 35. Qxc4 Qc6 36. Qe4 Qb6 37. Qh4 h6 38. Qe4 Rc6 39. Bf4 Kg8 40. Qd5+
Kh8 41. b4 Bd6 42. Be3 Qc7 43. Rxh6+ gxh6 44. Bd4+ Qg7 45. Bxg7+ Kxg7 46. Qd4+
Kh7 47. b5 Bc5 48. Qd7+ Kg8 49. bxc6 1-0

[Event "41st Olympiad Women 2014"]
[Site "Tromso NOR"]
[Date "2014.08.11"]
[Round "9.44"]
[Board "3"]
[White "Rodsmoen, Maud"]
[Black "Krifa, Najla"]
[Result "1-0"]
[BlackTitle "WFM"]
[WhiteElo "1805"]
[BlackElo "1759"]
[WhiteTeam "Norway 3"]
[BlackTeam "Tunisia"]
[WhiteFideId "1510550"]
[BlackFideId "5501040"]
[EventDate "2014.08.02"]

1. e4 c5 2. Nf3 d6 3. d4 cxd4 4. Nxd4 Nf6 5. Nc3 Nc6 6. Bg5 e5 7. Ndb5 Be6 8.
Bxf6 gxf6 9. Nd5 Bxd5 10. Qxd5 Qd7 11. O-O-O O-O-O 12. g3 Kb8 13. c3 a6 14. Na3
f5 15. Bh3 Qe6 16. Bxf5 Qxd5 17. exd5 Ne7 18. Bh3 Bh6+ 19. Kc2 f5 20. Rhe1 f4
21. Nc4 Kc7 22. g4 Bg5 23. Nd2 h6 24. Nf3 Rh7 25. Bf1 Rg8 26. Bd3 Rhh8 27. Rg1
Ng6 28. c4 Nh4 29. Nxh4 Bxh4 30. Rd2 Rg7 31. b4 Be7 32. f3 Rhg8 33. h3 h5 34.
Kb3 h4 35. Rc1 Kb6 36. Bf5 Bf8 37. Be6 Rh8 38. Re2 Rhh7 39. Bf5 Rh8 40. Be6 Rhh7
41. Kc3 Rg5 42. Kd3 Rc7 43. Ke4 Ka7 44. Rd2 Kb8 45. Bf5 Rgg7 46. Rdc2 b6 47. c5
bxc5 48. bxc5 Rb7 49. c6 Rb4+ 50. Kd3 Rc7 51. Kc3 Rb6 52. Rb2 Rxb2 53. Kxb2 Be7
54. Kc3 Bd8 55. Rb1+ Ka7 56. Kd3 Bf6 57. Ke4 Bg5 58. Bd7 1-0

[Event "41st Olympiad Women 2014"]
[Site "Tromso NOR"]
[Date "2014.08.11"]
[Round "9.44"]
[Board "4"]
[White "Ben Said, Safa"]
[Black "Jacobsen, Elise Sjottem"]
[Result "1/2-1/2"]
[WhiteTitle "WCM"]
[WhiteElo "1589"]
[BlackElo "1697"]
[WhiteTeam "Tunisia"]
[BlackTeam "Norway 3"]
[WhiteFideId "5503400"]
[BlackFideId "1516493"]
[EventDate "2014.08.02"]

1. e4 c5 2. Nf3 d6 3. d4 cxd4 4. Nxd4 Nf6 5. Nc3 g6 6. g3 Bg7 7. Bg2 Nc6 8. Nxc6
bxc6 9. e5 Nd5 10. Nxd5 cxd5 11. Bxd5 Rb8 12. c3 dxe5 13. Qa4+ Bd7 14. Qxa7 O-O
15. O-O Bh3 16. Rd1 e6 17. Bf3 Qf6 18. Bg2 Bxg2 19. Kxg2 e4 20. Qe3 Bh6 21. Qxe4
Bxc1 22. Rdxc1 Rxb2 23. Rc2 Rfb8 24. Rac1 Qg5 25. c4 Qa5 26. Rxb2 Rxb2 27. Rc2
Rxa2 28. Rxa2 Qxa2 29. Qc6 Kf8 30. Qc8+ Ke7 31. Qc7+ Ke8 32. Qc8+ Ke7 33. Qc7+
Ke8 1/2-1/2

[Event "41st Olympiad Women 2014"]
[Site "Tromso NOR"]
[Date "2014.08.11"]
[Round "9.45"]
[Board "1"]
[White "Chandrasiri, S A K"]
[Black "Wang, Chengjia"]
[Result "0-1"]
[WhiteTitle "WFM"]
[WhiteElo "1777"]
[BlackElo "1989"]
[WhiteTeam "Sri Lanka"]
[BlackTeam "South Korea"]
[WhiteFideId "9905049"]
[BlackFideId "8601844"]
[EventDate "2014.08.02"]

1. d4 d5 2. c4 c6 3. Nc3 Nf6 4. cxd5 cxd5 5. Nf3 Nc6 6. e3 a6 7. Bd3 e6 8. O-O
Bb4 9. a3 Bxc3 10. bxc3 O-O 11. a4 Qc7 12. Ba3 Rd8 13. Rb1 Rb8 14. Qc2 e5 15. e4
Bg4 16. dxe5 Nxe5 17. Nxe5 Qxe5 18. f4 Qe6 19. e5 Ne4 20. Bxe4 dxe4 21. h3 Bf5
22. g4 Qg6 23. Bd6 Rbc8 24. Kh2 Bd7 25. Rxb7 Qh6 26. Kg3 Bxa4 27. Qb2 Bb5 28.
Re1 g5 29. Qd2 gxf4+ 30. Kh2 Bc6 31. Re7 e3 32. Qa2 Qg6 33. Rf1 f3 34. Kg3 Rxd6
35. Qxf7+ Qxf7 36. Rxf7 Kxf7 37. exd6 e2 38. Ra1 Ke6 39. Kf2 Kxd6 40. Rxa6 Re8
41. Ra1 Ke5 0-1

[Event "41st Olympiad Women 2014"]
[Site "Tromso NOR"]
[Date "2014.08.11"]
[Round "9.45"]
[Board "2"]
[White "Cho, Yeonhee"]
[Black "Yashora, Tiumi"]
[Result "0-1"]
[WhiteTitle "WCM"]
[WhiteElo "1525"]
[BlackElo "1715"]
[WhiteTeam "South Korea"]
[BlackTeam "Sri Lanka"]
[WhiteFideId "13201190"]
[BlackFideId "9903534"]
[EventDate "2014.08.02"]

1. e4 c5 2. Nf3 Nc6 3. Bb5 a6 4. Bxc6 bxc6 5. Nc3 d6 6. d4 cxd4 7. Qxd4 Bd7 8.
Be3 c5 9. Qd3 Bc6 10. O-O g6 11. Rfd1 Bg7 12. Nd2 Nh6 13. f3 O-O 14. Nf1 Kh8 15.
Ng3 Qa5 16. Nge2 Rab8 17. Rab1 Ng8 18. Qd2 f5 19. exf5 Rxf5 20. b3 Rf7 21. Qd3
Nh6 22. Bd2 Qb6 23. Qc4 Rbf8 24. Nf4 Bd4+ 25. Kh1 Rxf4 26. Bxf4 Rxf4 27. Ne2 Bb5
28. Qe6 Bxe2 29. Qxe2 Rf7 0-1

[Event "41st Olympiad Women 2014"]
[Site "Tromso NOR"]
[Date "2014.08.11"]
[Round "9.45"]
[Board "3"]
[White "Methmali, Y."]
[Black "You, Garam"]
[Result "1-0"]
[WhiteTitle "WCM"]
[WhiteElo "1727"]
[BlackElo "1487"]
[WhiteTeam "Sri Lanka"]
[BlackTeam "South Korea"]
[WhiteFideId "9900888"]
[BlackFideId "13200208"]
[EventDate "2014.08.02"]

1. e4 e5 2. Nf3 Nc6 3. Nc3 Nf6 4. Bb5 Bb4 5. O-O O-O 6. d3 Bxc3 7. bxc3 Qe7 8.
Re1 d6 9. h3 Nd8 10. d4 Ne6 11. Ba3 c5 12. dxe5 dxe5 13. Qc1 Nf4 14. Bf1 b6 15.
Qe3 h6 16. c4 Re8 17. Bb2 Qc7 18. Nxe5 Nxh3+ 19. gxh3 Rxe5 20. Bxe5 Qxe5 21. Qg3
Qe6 22. Rad1 Nxe4 23. Qg2 Bb7 24. f3 Ng5 25. Rxe6 Bxf3 26. Red6 Bxg2 27. Bxg2
Re8 28. Rd8 Kf8 29. R1d7 Ne6 30. Rxe8+ Kxe8 31. Rxa7 Nd4 32. Rb7 Nxc2 33. Rxb6
Nb4 34. a4 f6 35. Rb7 Kf8 36. a5 f5 37. Rc7 Na6 38. Rc6 Nb4 39. Rxc5 1-0

[Event "41st Olympiad Women 2014"]
[Site "Tromso NOR"]
[Date "2014.08.11"]
[Round "9.45"]
[Board "4"]
[White "Kim, Yubin"]
[Black "Mendis, Dasuni Hansika"]
[Result "0-1"]
[WhiteElo "1421"]
[BlackElo "1624"]
[WhiteTeam "South Korea"]
[BlackTeam "Sri Lanka"]
[WhiteFideId "13202316"]
[BlackFideId "9907696"]
[EventDate "2014.08.02"]

1. e4 g6 2. d4 Bg7 3. Nc3 d6 4. Nf3 Nf6 5. Bc4 c6 6. Bf4 b5 7. Bd3 O-O 8. O-O
Nh5 9. Bg3 Bg4 10. e5 Nxg3 11. hxg3 dxe5 12. dxe5 Bxe5 13. Qe2 Bg7 14. Rad1 Qc7
15. Rfe1 Re8 16. Qe4 Bxf3 17. Qxf3 Nd7 18. Be4 Ne5 19. Qf4 Rac8 20. Bd3 a5 21.
a3 Nxd3 22. Rxd3 Qxf4 23. gxf4 b4 24. axb4 axb4 25. Na4 e6 26. Rd7 c5 27. Red1
e5 28. fxe5 Bxe5 29. Kf1 Ra8 30. b3 Bd4 31. Re1 Rxe1+ 32. Kxe1 Re8+ 33. Kf1 Re5
34. Rd8+ Kg7 35. f3 Rh5 36. g4 Re5 37. Rd6 Re3 38. Kg2 Re2+ 39. Kg3 Be5+ 0-1

[Event "41st Olympiad Women 2014"]
[Site "Tromso NOR"]
[Date "2014.08.11"]
[Round "9.46"]
[Board "1"]
[White "Ortiz, Katherine Berenice"]
[Black "Shamima, Akter Liza"]
[Result "0-1"]
[WhiteTitle "WFM"]
[BlackTitle "WIM"]
[WhiteElo "1864"]
[BlackElo "2147"]
[WhiteTeam "Honduras"]
[BlackTeam "Bangladesh"]
[WhiteFideId "8400474"]
[BlackFideId "10202587"]
[EventDate "2014.08.02"]

1. d4 d5 2. c4 c6 3. Nc3 Nf6 4. Nf3 a6 5. a4 Bf5 6. Bf4 e6 7. e3 Bb4 8. Be2 Qa5
9. Qb3 dxc4 10. Bxc4 b5 11. Be2 Nd5 12. O-O Bxc3 13. axb5 Qb4 14. Qxb4 Bxb4 15.
Bxb8 Rxb8 16. bxa6 Bd6 17. Rfc1 Kd7 18. a7 Ra8 19. Nd2 Ne7 20. Nc4 Nc8 21. Bf3
Rxa7 22. Nb6+ Kd8 23. Nxc8 Rxa1 24. Rxa1 Kxc8 25. Bxc6 Kc7 26. Bf3 Rb8 27. Ra7+
Kd8 28. Rxf7 Rxb2 29. g4 Bd3 30. Bc6 Be7 31. Rxg7 Bg6 32. Rg8+ Kc7 33. Ba8 Bh4
34. Rf8 Kd6 35. e4 Rd2 36. e5+ Ke7 37. Rf4 Bg5 38. Rf3 Rxd4 39. h3 Bf4 0-1

[Event "41st Olympiad Women 2014"]
[Site "Tromso NOR"]
[Date "2014.08.11"]
[Round "9.46"]
[Board "2"]
[White "Khan, Nazrana"]
[Black "Ortiz, Rosa Daniela"]
[Result "1-0"]
[WhiteTitle "WFM"]
[BlackTitle "WCM"]
[WhiteElo "2001"]
[BlackElo "1540"]
[WhiteTeam "Bangladesh"]
[BlackTeam "Honduras"]
[WhiteFideId "10201734"]
[BlackFideId "8400547"]
[EventDate "2014.08.02"]

1. d4 d5 2. c4 c6 3. Nc3 Nf6 4. Nf3 Bf5 5. cxd5 cxd5 6. Qb3 b6 7. Bg5 e6 8. e3
Be7 9. Bb5+ Nfd7 10. Bxe7 Qxe7 11. O-O O-O 12. Rfc1 Nf6 13. Ne2 a6 14. Bd3 Bxd3
15. Qxd3 Ne4 16. Ng3 Nxg3 17. hxg3 Nd7 18. Rc3 b5 19. Rac1 Nb6 20. Rc6 Rfc8 21.
R1c5 Qd8 22. Qc2 Rxc6 23. Rxc6 Rc8 24. Qc5 Qd7 25. Rxc8+ Nxc8 26. Ne5 Qb7 27.
Nc6 g6 28. a3 Qb6 29. Ne7+ Kg7 30. Nxc8 Qa5 31. Qc3 Qa4 32. f3 g5 33. Nb6 Qd1+
34. Kf2 g4 35. f4 h5 36. Nd7 Kg6 37. Ne5+ Kg7 38. Qc7 Qd2+ 39. Kg1 Qxe3+ 40. Kh2
Kh8 41. Qxf7 h4 42. Ng6# 1-0

[Event "41st Olympiad Women 2014"]
[Site "Tromso NOR"]
[Date "2014.08.11"]
[Round "9.46"]
[Board "3"]
[White "Fernandez, Mirna Graciela"]
[Black "Hamid, Rani"]
[Result "0-1"]
[BlackTitle "WIM"]
[WhiteElo "1521"]
[BlackElo "1995"]
[WhiteTeam "Honduras"]
[BlackTeam "Bangladesh"]
[WhiteFideId "8400482"]
[BlackFideId "10200096"]
[EventDate "2014.08.02"]

1. e4 c5 2. Nf3 e6 3. d4 cxd4 4. Nxd4 a6 5. Nc3 Qc7 6. Be2 Nf6 7. O-O Bb4 8. Qd3
Bxc3 9. bxc3 d5 10. exd5 Nxd5 11. c4 Nf4 12. Qg3 Nxe2+ 13. Nxe2 Qxg3 14. Nxg3
O-O 15. Rb1 f5 16. Bb2 Nc6 17. Nh5 Rf7 18. Rfd1 e5 19. Re1 g6 20. Ng3 e4 21. Bc3
Be6 22. c5 Bxa2 23. Rb2 Bc4 24. Nf1 Rd8 25. Nd2 Bb5 26. f3 exf3 27. Nxf3 Rfd7
28. Bf6 Rf8 29. Bc3 Rd5 30. Bd2 Rxc5 31. Bf4 Rc4 32. g3 Rc8 33. Nd2 Rb4 34. Nb3
Nd4 35. Bd6 Nf3+ 36. Kf2 Nxe1 37. Bxb4 Nxc2 38. Bc5 Ba4 39. Rxc2 Bxb3 40. Rc1 b5
41. Be3 Rxc1 42. Bxc1 a5 43. Ke3 Kf7 44. Kd4 Ke6 45. Bd2 a4 46. Bb4 Bc4 47. Ba3
Bf1 48. Bb4 g5 49. Ba3 h5 50. Bc1 g4 51. Ba3 h4 52. Bb4 h3 53. Ba3 f4 54. gxf4
g3 55. f5+ Kxf5 56. Bd6 g2 0-1